| 000 | 01315cas a22002415a 4500 | ||
|---|---|---|---|
| 001 | L143642 | ||
| 008 | 080522c2000 cc qr wssss 0 a0eng u | ||
| 035 | _a(Sirsi) u143642 | ||
| 041 | 0 | _aeng, chi | |
| 050 | _a333.33 $2 18 | ||
| 110 | 2 |
_aColliers International _95548 |
|
| 245 | 0 | 0 |
_aBeijing residential property market _h[electronic resource] |
| 260 |
_aHong Kong _bColliers CRE _c200?- |
||
| 362 | 0 | _a200?- | |
| 490 | 0 | _aThe Knowledge Report | |
| 490 | 0 | _aBeijing Residential Property Market | |
| 520 | _aConsiders the market and trends surrounding the residential market in Beijing. Provides an overview of the current state of the economy and residential market. Examines the state of the supply and demand relationship, and reports on recently completed developments. Provides an overview of occupancy trends including details of rental takeup and vacancy levels by sector and sub-area. Looks at apartment and villa rentals sales and leasing. Commentary considers the outlook and plans for the coming period. Charts and statistics. | ||
| 554 | _aQuarterly | ||
| 651 | 4 | _aChina | |
| 690 | _aPROPERTY-RESIDENTIAL PROPERTY-RESIDENTIAL PROPERTY MARKET | ||
| 856 | 4 | 0 |
_uhttps://www.colliers.com/Markets/China/MarketReports/MultiFamily/ _zView the item free of charge at www.colliers.com... |
| 942 | _n0 | ||
| 999 |
_c119188 _d119188 |
||